|
|
|
|
| LEADER |
01960nam a2200301 a 4500 |
| 001 |
1905490 |
| 008 |
120611s1998 nyuc b 000 0 eng |
| 010 |
|
|
|a 84181579
|
| 020 |
|
|
|a 0749310774
|
| 020 |
|
|
|a 9780749310776
|
| 040 |
|
|
|a DLC
|c DLC
|d DLC
|d BD-DhAAL
|
| 082 |
0 |
0 |
|a 158/.1
|2 19
|
| 100 |
1 |
|
|a Peale, Norman Vincent,
|d 1898-1993.
|
| 245 |
1 |
0 |
|a You can if you think you can /
|c Norman Vincent Peale.
|
| 260 |
|
|
|a London :
|b Vermilion,
|c c1998.
|
| 300 |
|
|
|a xiv, 302 p. ;
|c 20 cm.
|
| 504 |
|
|
|a Includes bibliographical references.
|
| 541 |
|
|
|e 00025359
|
| 650 |
|
0 |
|a Success
|x Religious aspects
|x Christianity.
|
| 650 |
|
0 |
|a Self-realisation
|
| 852 |
1 |
|
|a Ayesha Abed Library
|c General shelf.
|
| 999 |
|
|
|c 12372
|d 12372
|
| 952 |
|
|
|0 0
|1 4
|2 ddc
|4 0
|6 158_100000000000000_PEA
|7 0
|9 20469
|a BRACUL
|b BRACUL
|c GEN
|d 2012-06-12
|e Development Book Agency
|g 130.00
|l 1
|m 1
|o 158.1 PEA
|p 3010025359
|r 2012-11-08
|s 2012-10-30
|t 1
|w 2012-06-12
|y BK
|x Koha Inventory 2020
|
| 952 |
|
|
|0 0
|1 0
|2 ddc
|4 0
|6 158_100000000000000_PEA
|7 0
|9 20470
|a BRACUL
|b BRACUL
|c GEN
|d 2012-06-12
|e Development Book Agency
|g 130.00
|l 15
|m 152
|o 158.1 PEA
|p 3010025360
|r 2025-11-06
|s 2025-07-20
|t 2
|w 2012-06-12
|y BK
|
| 952 |
|
|
|0 0
|1 0
|2 ddc
|4 0
|6 158_100000000000000_PEA
|7 0
|9 20471
|a BRACUL
|b BRACUL
|c GEN
|d 2012-06-12
|e Development Book Agency
|g 130.00
|l 28
|m 209
|o 158.1 PEA
|p 3010025361
|q 2026-05-17
|r 2026-01-14
|s 2026-01-14
|t 3
|w 2012-06-12
|y BK
|
| 952 |
|
|
|0 0
|1 0
|2 ddc
|4 0
|6 158_100000000000000_PEA
|7 0
|9 20472
|a BRACUL
|b BRACUL
|c GEN
|d 2012-06-12
|e Development Book Agency
|g 130.00
|l 24
|m 215
|o 158.1 PEA
|p 3010025362
|q 2026-06-02
|r 2026-04-13
|s 2026-04-13
|t 4
|w 2012-06-12
|y BK
|
| 952 |
|
|
|0 0
|1 0
|2 ddc
|4 0
|6 158_100000000000000_PEA
|7 0
|9 20473
|a BRACUL
|b BRACUL
|c GEN
|d 2012-06-12
|e Development Book Agency
|g 130.00
|l 18
|m 169
|o 158.1 PEA
|p 3010025363
|q 2025-09-14
|r 2025-01-20
|s 2025-01-20
|t 5
|w 2012-06-12
|y BK
|
| 952 |
|
|
|0 0
|1 0
|2 ddc
|4 0
|6 158_000000000000000__1_PEA
|7 0
|9 56718
|a SCL
|b SCL
|c GEN
|d 2015-11-10
|g 80.00
|l 14
|m 60
|o 158.1 PEA
|p 3020008116
|r 2025-11-09
|s 2025-10-15
|t 6
|w 2015-11-10
|y BK
|